[Event "Titled Tuesday intern op 30th May Late"]
[Site "Chess.com INT"]
[Date "2023.05.30"]
[Round "1"]
[White "Kushko, Dmitriy"]
[Black "Dubessay, Bastien"]
[Result "1-0"]
[WhiteElo "2391"]
[BlackElo "2283"]
[PlyCount "47"]
[EventDate "2023.05.30"]
[EventType "swiss (blitz)"]
[EventRounds "11"]
[EventCountry "USA"]
[SourceTitle "CBM 214 Extra"]
[Source "ChessBase"]
[SourceDate "2023.07.31"]
[SourceVersion "1"]
[SourceVersionDate "2023.07.31"]
[SourceQuality "1"]

1. Nf3 Nf6 2. g3 d5 3. Bg2 c5 4. 0-0 Nc6 5. d4 e6 6. c4 Be7 7. cxd5 exd5 8. Nc3 0-0 9. Be3 c4 10. Ne5 Bb4 11. Bg5 Bxc3 12. bxc3 h6 13. Bxf6 Qxf6 14. f4 Rd8 15. e4 Ne7 16. Qe1 Qa6 17. f5 f6 18. Ng4 dxe4 19. Bxe4 Nd5 20. Bxd5+ Rxd5 21. Qe8+ Kh7 22. Nxh6 gxh6 23. Qf7+ Kh8 24. Qxd5 1-0

[Event "Titled Tuesday intern op 23rd May Late"]
[Site "Chess.com INT"]
[Date "2023.05.23"]
[Round "2"]
[White "Dubessay, Bastien"]
[Black "Moral Garcia, Serafin"]
[Result "0-1"]
[WhiteElo "2283"]
[BlackElo "2238"]
[PlyCount "98"]
[EventDate "2023.05.23"]
[EventType "swiss (blitz)"]
[EventRounds "11"]
[EventCountry "USA"]
[SourceTitle "EXT 2024"]
[Source "ChessBase"]
[SourceDate "2023.10.10"]
[SourceVersion "1"]
[SourceVersionDate "2023.10.10"]
[SourceQuality "1"]

1. d4 Nf6 2. c4 g6 3. Nc3 d5 4. cxd5 Nxd5 5. e4 Nxc3 6. bxc3 Bg7 7. Bb5+ c6 8. Ba4 b5 9. Bb3 Nd7 10. Nf3 0-0 11. 0-0 a5 12. Bg5 a4 13. Bc2 Nb6 14. e5 Be6 15. Be4 Bd5 16. Nd2 f6 17. exf6 exf6 18. Bf4 f5 19. Bd3 Re8 20. Nf3 Bxf3 21. Qxf3 Qd5 22. Qg3 Nc4 23. h4 Rad8 24. h5 Re6 25. Rfe1 Rde8 26. Rxe6 Rxe6 27. h6 Bf6 28. Bxc4 Qxc4 29. Be5 Bxe5 30. dxe5 f4 31. Qg5 Qd5 32. Re1 f3 33. gxf3 Qxf3 34. Re3 Qf5 35. Qd8+ Qf8 36. Qd7 Qe7 37. Qd4 Qg5+ 38. Kf1 Qe7 39. Qf4 g5 40. Qh2 Qd7 41. Qh5 Rg6 42. Kg2 Qe6 43. Kf1 Qxa2 44. Kg2 Qe6 45. Rf3 a3 46. Re3 a2 47. Qd1 Qd5+ 48. Qxd5+ cxd5 49. e6 Kf8 0-1

[Event "Titled Tuesday intern op 23rd May Late"]
[Site "Chess.com INT"]
[Date "2023.05.23"]
[Round "7"]
[White "Dubessay, Bastien"]
[Black "Spitzl, Vinzent"]
[Result "0-1"]
[WhiteElo "2283"]
[BlackElo "2365"]
[PlyCount "180"]
[EventDate "2023.05.23"]
[EventType "swiss (blitz)"]
[EventRounds "11"]
[EventCountry "USA"]
[SourceTitle "EXT 2024"]
[Source "ChessBase"]
[SourceDate "2023.10.10"]
[SourceVersion "1"]
[SourceVersionDate "2023.10.10"]
[SourceQuality "1"]

1. d4 d5 2. c4 e6 3. Nc3 Nf6 4. cxd5 exd5 5. Bg5 Bb4 6. Qc2 h6 7. Bh4 0-0 8. e3 Nbd7 9. Bd3 Re8 10. Nf3 c6 11. 0-0 Be7 12. Rab1 Ne4 13. Bxe7 Qxe7 14. Bxe4 dxe4 15. Nd2 Nf6 16. b4 Bd7 17. Ne2 Nd5 18. Qc5 Qe6 19. Nf4 Nxf4 20. exf4 Qxa2 21. Qc3 Qd5 22. Qe3 Rad8 23. Rfe1 Bf5 24. Nb3 b6 25. Red1 Be6 26. h3 Rd7 27. Rd2 Qd6 28. Na1 Bc4 29. Nc2 Rde7 30. Ne1 Bd5 31. Ra1 Ra8 32. Rb1 a5 33. bxa5 bxa5 34. Nc2 a4 35. Qa3 Qf6 36. Ne3 Rea7 37. g3 h5 38. h4 Qe6 39. Kg2 Bb3 40. Rc1 Qe7 41. Rc5 Rb8 42. Nf5 Qb7 43. Nxg7 Kxg7 44. Rg5+ Kf6 45. Qd6+ Be6 46. f5 Qc7 47. Qxc7 Rxc7 48. fxe6 Kxe6 49. Re5+ Kd6 50. Rxe4 Ra8 51. Rf4 a3 52. Ra2 Rb7 53. Rf6+ Kd5 54. Rf5+ Kxd4 55. Rf4+ Kd5 56. Rf5+ Ke6 57. Rf3 Rba7 58. Re3+ Kd5 59. Rd3+ Kc5 60. Rf3 Kb4 61. Rf4+ Kb5 62. Rf5+ c5 63. g4 hxg4 64. h5 Kb4 65. Re5 c4 66. Kg3 Kb3 67. Ree2 c3 68. Kxg4 f6 69. h6 Rh7 70. Kh5 Rah8 71. Rec2 Rxh6+ 72. Kg4 Rh4+ 73. Kf3 Rd4 74. Ke3 Rhd8 75. f4 Rd2 76. Rxd2 Rxd2 77. Ra1 a2 78. f5 Rb2 79. Kf4 Rb1 80. Rxa2 Kxa2 81. Kg4 c2 82. Kh5 c1Q 83. Kg6 Qc2 84. Kf7 Rb5 85. Ke7 Qxf5 86. Kd6 Rb6+ 87. Kc7 Qc5+ 88. Kd7 Qc6+ 89. Ke7 Rb7+ 90. Kd8 Qd7# 0-1

[Event "Porticcio op 3rd"]
[Site "Grosseto Prugna"]
[Date "2016.06.28"]
[Round "5"]
[White "Dubessay, Bastien"]
[Black "Areshchenko, Alexander"]
[Result "0-1"]
[WhiteElo "2304"]
[BlackElo "2654"]
[PlyCount "124"]
[EventDate "2016.06.25"]
[EventType "swiss"]
[EventRounds "9"]
[EventCountry "FRA"]
[SourceTitle "EXT 2017"]
[Source "ChessBase"]
[SourceDate "2016.10.25"]
[SourceVersion "1"]
[SourceVersionDate "2016.10.25"]
[SourceQuality "1"]

1. d4 d6 2. c4 e5 3. d5 g6 4. Nc3 Bg7 5. e4 Nd7 6. Be3 Ne7 7. Bd3 0-0 8. Qd2 f5 9. f3 Nf6 10. Nge2 c5 11. h3 f4 12. Bf2 Nh5 13. Nc1 g5 14. Be2 Ng6 15. Nd3 Ng3 16. Rg1 Bd7 17. b4 b6 18. Nb5 Qe7 19. a4 Rfc8 20. Ra3 Bf8 21. Qa2 Qe8 22. Nc3 h5 23. a5 Nh4 24. Bd1 g4 25. hxg4 hxg4 26. fxg4 cxb4 27. Nxb4 bxa5 28. Rxa5 Qg6 29. Bxg3 fxg3 30. Rxa7 Rxa7 31. Qxa7 Rxc4 32. Qxd7 Rxe4+ 33. Nxe4 Qxe4+ 34. Kd2 Qxb4+ 35. Kc2 Qc5+ 36. Kb2 Qd4+ 37. Ka2 Qf2+ 38. Ka3 Qxg1 39. Bc2 Qc5+ 40. Kb2 Qd4+ 41. Ka2 e4 42. Qe6+ Kg7 43. g5 Qa7+ 44. Kb1 Qb6+ 45. Ka2 Qa6+ 46. Kb2 Kh8 47. Qe8 Qb7+ 48. Ka3 Qe7 49. Qh5+ Qh7 50. Qe8 Kg8 51. Qe6+ Qf7 52. Qg4 Nf3 53. Bxe4 Ne5 54. Qxg3 Qa7+ 55. Kb3 Qb6+ 56. Kc2 Qc5+ 57. Qc3 Qxc3+ 58. Kxc3 Be7 59. Kb4 Bxg5 60. Kb5 Be3 61. Ka6 Kf7 62. Kb7 Bc5 0-1

[Event "Cappelle op 32nd"]
[Site "Cappelle la Grande"]
[Date "2016.02.15"]
[Round "4"]
[White "Dubessay, Bastien"]
[Black "Maddens, Martijn"]
[Result "1-0"]
[WhiteElo "2295"]
[BlackElo "2020"]
[PlyCount "123"]
[EventDate "2016.02.13"]
[EventType "swiss"]
[EventRounds "9"]
[EventCountry "FRA"]
[SourceTitle "EXT 2017"]
[Source "ChessBase"]
[SourceDate "2016.10.25"]
[SourceVersion "1"]
[SourceVersionDate "2016.10.25"]
[SourceQuality "1"]

1. d4 d5 2. c4 dxc4 3. Nf3 Nf6 4. e3 Bg4 5. Bxc4 e6 6. h3 Bh5 7. Nc3 Nbd7 8. 0-0 Bb4 9. Be2 0-0 10. Bd2 c5 11. Qb3 e5 12. dxc5 Bxc3 13. Bxc3 e4 14. Nd4 Bxe2 15. Nxe2 Nxc5 16. Qb5 Qb6 17. Qxb6 axb6 18. Bd4 Nd5 19. Nc3 Nxc3 20. bxc3 Rfc8 21. Rfb1 Na4 22. Rb3 f6 23. g4 Rc6 24. Kg2 Rac8 25. Rab1 Nxc3 26. Bxc3 Rxc3 27. Rxb6 R8c7 28. Rxb7 Rxb7 29. Rxb7 Ra3 30. Rb4 Rxa2 31. Rxe4 Kf7 32. Kg3 Ra5 33. Rb4 h5 34. Rb7+ Kg6 35. f4 hxg4 36. hxg4 Kh6 37. Rb2 Ra7 38. Rb6 Kg6 39. Kf3 Kf7 40. Rb5 Re7 41. g5 Ra7 42. Kg4 Re7 43. Rb3 Ra7 44. Kh5 Rc7 45. g6+ Ke6 46. Kg4 Ke7 47. e4 Ra7 48. Rb5 Rc7 49. Kf5 Ra7 50. Rb8 Ra5+ 51. e5 fxe5 52. fxe5 Ra1 53. Rb7+ Kf8 54. Rf7+ Kg8 55. e6 Ra5+ 56. Ke4 Ra4+ 57. Kd5 Ra5+ 58. Kc4 Ra4+ 59. Kb5 Ra8 60. e7 Re8 61. Kc6 Ra8 62. Kc7 1-0

[Event "FRA-chT Top 12"]
[Site "Saint Quentin"]
[Date "2014.06.02"]
[Round "10.5"]
[White "Sebag, Marie"]
[Black "Dubessay, Bastien"]
[Result "1-0"]
[WhiteElo "2486"]
[BlackElo "2352"]
[PlyCount "67"]
[EventDate "2014.05.24"]
[EventType "team-tourn"]
[EventRounds "11"]
[EventCountry "FRA"]
[SourceTitle "CBM 160 Extra"]
[Source "ChessBase"]
[SourceDate "2014.07.01"]
[SourceVersion "1"]
[SourceVersionDate "2014.07.01"]
[SourceQuality "1"]
[WhiteTeam "Chalons en Champagne"]
[BlackTeam "Rueil Malmaison"]
[WhiteTeamCountry "FRA"]
[BlackTeamCountry "FRA"]

1. e4 c6 2. d4 d5 3. e5 c5 4. dxc5 e6 5. a3 Bxc5 6. b4 Bb6 7. Nf3 a5 8. Bb2 Na6 9. c4 dxc4 10. Qxd8+ Bxd8 11. Bxc4 Bd7 12. Nc3 Rb8 13. Ne4 b5 14. Nd6+ Kf8 15. Be2 h6 16. Rd1 axb4 17. Nxf7 Kxf7 18. Rxd7+ Ne7 19. axb4 Nxb4 20. Nd4 Ba5 21. 0-0 Rhd8 22. Bh5+ g6 23. Bxg6+ Kxg6 24. Rxe7 Nd3 25. Rxe6+ Kh7 26. Ba1 Ra8 27. Nxb5 Rdb8 28. Nc7 Ra7 29. Nd5 Be1 30. Bd4 Ra2 31. Re7+ Kg6 32. g4 Rb1 33. Kg2 Rb5 34. e6 1-0

[Event "FRA-chT Top 12"]
[Site "Saint Quentin"]
[Date "2014.05.27"]
[Round "4.5"]
[White "Sokolov, Andrei"]
[Black "Dubessay, Bastien"]
[Result "1/2-1/2"]
[WhiteElo "2560"]
[BlackElo "2352"]
[PlyCount "58"]
[EventDate "2014.05.24"]
[EventType "team-tourn"]
[EventRounds "11"]
[EventCountry "FRA"]
[SourceTitle "CBM 160 Extra"]
[Source "ChessBase"]
[SourceDate "2014.07.01"]
[SourceVersion "1"]
[SourceVersionDate "2014.07.01"]
[SourceQuality "1"]
[WhiteTeam "Mulhouse Philidor"]
[BlackTeam "Rueil Malmaison"]
[WhiteTeamCountry "FRA"]
[BlackTeamCountry "FRA"]

1. e4 c6 2. c4 d5 3. exd5 cxd5 4. cxd5 Nf6 5. Nc3 Nxd5 6. Nf3 Nc6 7. Bc4 Nb6 8. Bb3 g6 9. Ng5 e6 10. d3 Bg7 11. h4 Nb4 12. Rh3 h6 13. Nge4 e5 14. Rg3 N4d5 15. Qf3 Be6 16. Nc5 0-0 17. Nxe6 fxe6 18. Qe4 Qf6 19. Be3 Nxe3 20. Qxe3 e4 21. dxe4 Rad8 22. Rd1 Qxh4 23. Rxd8 Qh1+ 24. Ke2 Rxd8 25. Qc5 Qc1 26. Rd3 Qxb2+ 27. Ke3 Qc1+ 28. Ke2 Qb2+ 29. Ke3 Qc1+ 1/2-1/2

[Event "FRA-chT Top 12"]
[Site "Saint Quentin"]
[Date "2014.05.26"]
[Round "3.6"]
[White "Buhmann, Rainer"]
[Black "Dubessay, Bastien"]
[Result "1/2-1/2"]
[WhiteElo "2579"]
[BlackElo "2352"]
[PlyCount "54"]
[EventDate "2014.05.24"]
[EventType "team-tourn"]
[EventRounds "11"]
[EventCountry "FRA"]
[SourceTitle "CBM 160 Extra"]
[Source "ChessBase"]
[SourceDate "2014.07.01"]
[SourceVersion "1"]
[SourceVersionDate "2014.07.01"]
[SourceQuality "1"]
[WhiteTeam "Bischwiller"]
[BlackTeam "Rueil Malmaison"]
[WhiteTeamCountry "FRA"]
[BlackTeamCountry "FRA"]

1. Nf3 c5 2. c4 Nc6 3. g3 g6 4. Bg2 Bg7 5. 0-0 e6 6. e3 Nge7 7. d4 cxd4 8. Nxd4 d5 9. cxd5 Nxd4 10. exd4 Nxd5 11. Nc3 0-0 12. Qb3 Bxd4 13. Nxd5 exd5 14. Bh6 Re8 15. Rad1 Bb6 16. Bxd5 Qf6 17. Qf3 Qxf3 18. Bxf3 Bh3 19. Rfe1 Ba5 20. Bxb7 Rxe1+ 21. Rxe1 Rb8 22. Re2 Bg4 23. f3 Be6 24. Bc6 Bxa2 25. Kg2 Bc4 26. Re8+ Rxe8 27. Bxe8 Bb6 1/2-1/2

[Event "Reykjavik op"]
[Site "Reykjavik"]
[Date "2014.03.11"]
[Round "9"]
[White "Christiansen, Johan Sebastian"]
[Black "Dubessay, Bastien"]
[Result "0-1"]
[WhiteElo "2209"]
[BlackElo "2362"]
[PlyCount "94"]
[EventDate "2014.03.04"]
[EventType "swiss"]
[EventRounds "10"]
[EventCountry "ISL"]
[SourceTitle "CBM 159 Extra"]
[Source "ChessBase"]
[SourceDate "2014.04.24"]
[SourceVersion "1"]
[SourceVersionDate "2014.04.24"]
[SourceQuality "1"]

1. d4 Nf6 2. c4 g6 3. Nc3 d5 4. Nf3 Bg7 5. Qa4+ Bd7 6. Qb3 dxc4 7. Qxc4 0-0 8. Bf4 c6 9. e4 b5 10. Qb3 Qa5 11. Bd2 b4 12. Na4 Nxe4 13. Bxb4 Qc7 14. Bd3 Be6 15. Qc2 Nd6 16. 0-0 Bd5 17. Ne5 Nd7 18. Rfe1 Rfb8 19. Ba3 Nxe5 20. dxe5 Nb5 21. Bxb5 Rxb5 22. Qc3 Qa5 23. b3 e6 24. Rac1 Bh6 25. Rc2 Qd8 26. Qh3 Bg7 27. Bd6 Qg5 28. Nc5 a5 29. Na4 h5 30. Qg3 Qf5 31. Qc3 Rd8 32. Be7 Rd7 33. Bc5 Be4 34. Rce2 Rd3 35. Qc2 Bd5 36. f3 Rbxb3 37. axb3 Bxb3 38. g4 Qxf3 39. Qb1 Bd5 40. Qb8+ Kh7 41. Rf1 Qxg4+ 42. Kf2 Qxa4 43. Qb1 Qh4+ 44. Kg1 Qg4+ 45. Kf2 Rf3+ 46. Ke1 Rxf1+ 47. Kxf1 Bc4 0-1